000 01029nmm a2200289 a 4500
001 ocm000639956
003 TR-IsHL
005 20201028125917.0
008 130927s2004 tu tur
007 cr cn
020 _a9789755129174
035 _a639956
_b(N$T)
050 0 4 _aKKX1881
_b.İ27 2004
090 0 4 _aKKX1881
_b.İ27 2004
245 1 0 _aİcra İflas Kanunu'ndaki degişiklikler çerçevesinde sermaye şirketleri ve kooperatiflerin borçlarının yeniden yapılandırılması, seminer 11.05.2004
_h[electronic resource]
250 _a1. bs.
260 _aİstanbul :
_bİstanbul Ticaret Odası,
_c2004
300 _a64 p.
650 4 _aEkonomi ve Finans
650 4 _aEconomics and Finance
650 0 _aİcra (Hukuk)
_x Türkiye
650 0 _aExecutions (Law)
_x Turkey
650 0 _aİflas
_x Türkiye
650 0 _aBankruptcy
_x Turkey
650 7 _aLAW / Bankruptcy & Insolvency
_2bisacsh
856 4 0 _uhttp://search.ebscohost.com/login.aspx?direct=true&scope=site&db=e011xww&AN=639956
999 _c3736
_d3736